000 00269nam a22001337a 4500
082 _a894.812.1
_bPAI/A
100 _aPAIKADA, ANNAMMA
245 _aABHIJATHAM
260 _aALUVA
_bPEN BOOKS
_c2005
300 _a55
520 _aPOETRY
650 _aPOETRY
942 _cBK
999 _c4641
_d4641